书目信息 |
| 题名: |
植物病害检疫学
|
|
| 作者: | 洪霓 高必达 | |
| 分册: | ||
| 出版信息: | 北京 科学出版社 2005 |
|
| 页数: | 287 | |
| 开本: | 26cm | |
| 丛书名: | ||
| 单 册: | ||
| 中图分类: | S41-3 | |
| 科图分类: | ||
| 主题词: | 植物检疫 | |
| 电子资源: | ||
| ISBN: | 7-03-015990-X | |
| 000 | 00517nam0 2200181 450 | |
| 001 | 0741144344 | |
| 005 | 20070817112544.34 | |
| 010 | @a7-03-015990-X@d¥30.00 | |
| 100 | @a20070817d km y0chiy0120 ea | |
| 101 | 0 | @achi |
| 200 | 1 | @a植物病害检疫学@Azhi wu bing hai jian yi xue@f洪霓 高必达@Fhong ni gao bi da |
| 210 | @a北京@c科学出版社@d2005 | |
| 215 | @a287@d26cm | |
| 606 | 0 | @a植物检疫 |
| 690 | @aS41-3@v3 | |
| 701 | 0 | @a洪霓 高必达@Ahong ni gao bi da |
| 801 | 0 | @aCN@bPFT@c20070817 |
| 905 | @a213230@dS41-3@en1@f1 | |
| 植物病害检疫学/洪霓 高必达.-北京:科学出版社,2005 |
| 287;26cm |
| ISBN 7-03-015990-X:¥30.00 |
| ● |
| 相关链接 |
|
|
|
|
正题名:植物病害检疫学
索取号:S41-3/n1
 
预约/预借
| 序号 | 登录号 | 条形码 | 馆藏地/架位号 | 状态 | 备注 |
| 1 | 6601312 | 266013128 | 密集书库-生命科学系/ [索取号:S41-3/n1] | 在馆 |